00672nam a22001697a 4500003000900000008004100009040007100050082001800121100001800139245005800157260004300215300002800258440002300286505015000309650002700459650001600486AR-CdUCM190507b ||||| |||| 00| 0 spa d aMUNICIPALIDAD PROVINCIAL DEL CUSCOcBIBLIOTECA MUNICIPAL DEL CUSCO a335.41 /bM26 aMarx, Carlos. aFundamentos de la critica de la economía politica / aLa habana :bCiencias sociales,c1971. a636 páginas ;c24 cm. aTeoría economica aContenido : t.2: Circulación del capital y circulación del dinero -- Gasto de transporte -- Tiempo de transporte y tiempo de circulación... aEconomía política. aSocialismo.